LEADER 01177nam a2200241 i 4500 001 000000172731 003 CaOOAMICUS 005 20081110000000.0 008 081110s2005 it u000 u ita u 013 $a150174 040 $aSeMil$bita 100 1 $aDalla Vedova, Riccardo.$0(OLS)http://semarc/name/64564 245 12$aI beni culturali di interesse religioso :$bdal Codice Urbani alle intese Stato-Chiesa : valutazione, verifiche, interventi... /$cRiccardo Dalla Vedova. 260 $aRoma :$bEditoriale Italiana 2000,$cstampa 2005. 300 $a231 p. ;$c22 cm. 490 0 $aLe guide 650 4$aBeni culturali ecclesiastici - Legislazione - Italia.$0(OLS)http://semarc/subject/21167 830 3$aLe guide.$0(OLS)http://semarc/title/16180 850 $aSeMil 852 $aSeMil$W1$xVenegono$y1$m3L III 175$j123585$B123585$CSeMilBibl$Z2$F138439 $81 961 $aOmaggio: Editoriale Italiana 2000 996 $6245$aI beni culturali di interesse religioso :$bdal Codice Urbani alle intese Stato-Chiesa : valutazione, verifiche, interventi...$9(OLS)http://semarc/title/247418 996 $6260$aRoma :$bEditoriale Italiana 2000$9(OLS)http://semarc/publisher/32005 LEADER 01145nam a2200265 4500 001 000000331035 003 CaOOAMICUS 005 20181109115248.0 008 181105s2017 it 000 u ita r 020 $a978-88-942512-0-3 040 $aSeMil$bita 100 1 $aLentini, Gerlando.$0(OLS)http://semarc/name/26474 245 10$aGiacomo Cusmano :$bservo dei poveri /$cGerlando Lentini, Vincenzo Bertolone. 264 1$a[S.l. :$bs.n.],$cstampa 2017$e(Catanzaro :$fGrafiche Simone) 300 $a199 p. ;$c21 cm 541 1 $aFondo Card. Angelo Scola 600 14$aCusmano, Giacomo .$0(OLS)http://semarc/subject/21562 700 1 $aBertolone, Vincenzo,$c,$ecollaboratore.$0(OLS)http://semarc/name/49167 850 $aSeMil 852 $aSeMil$W1$xVenegono$y1$m3H II 493$j210612$B224481$CSeMilBibl$Z2$F224481 $81 941 1 $a6 996 $6020$a978-88-942512-0-3$9(OLS)http://semarc/number/285525 996 $6245$aGiacomo Cusmano :$bservo dei poveri$9(OLS)http://semarc/title/419706 996 $6264$a[S.l. :$bs.n.]$9(OLS)http://semarc/publisher/29751